000
00296nam a22001217a 4500
999
_c
155336
_d
155336
082
_a
_b
100
_a
Haripriya S
245
_a
Paliyar:
_b
paithrukavum samskrithiyum/
_c
Haripriya S.
260
_a
Kannur:
_b
Kerala Folklore Academy,
_c
2015.
300
_a
71p.
650
_a
Folklore
942
_c
BK